Memoria de la I legislatura del Senado (Record no. 49307)

MARC details
000 -LEADER
campo de control de longitud fija 00606nam a2200193 i 4500
001 - NÚMERO DE CONTROL
campo de control 49307
003 - IDENTIFICADOR DE NÚMERO DE CONTROL
campo de control ES-MaACL
005 - FECHA Y HORA DE LA ÚLTIMA TRANSACCIÓN
campo de control 20230906161924.0
007 - CAMPO FIJO DE DESCRIPCIÓN FÍSICA--INFORMACIÓN GENERAL
campo de control de longitud fija t|
008 - DATOS DE LONGITUD FIJA--INFORMACIÓN GENERAL
campo de control de longitud fija 030714s1984 sp |||| | spa d
020 ## - NÚMERO INTERNACIONAL ESTÁNDAR DEL LIBRO
Número Internacional Estándar del Libro 84-500-9579-4
080 ## - NÚMERO DE LA CLASIFICACIÓN DECIMAL UNIVERSAL
Número de la Clasificación Decimal Universal 342.531(46)"1979/1982(045)
110 1# - ENTRADA PRINCIPAL--NOMBRE DE ENTIDAD CORPORATIVA
Nombre de entidad corporativa o nombre de jurisdicción como elemento de entrada España.
Unidad subordinada Cortes Generales.
-- Senado.
9 (RLIN) 3674
245 10 - MENCIÓN DEL TÍTULO
Título Memoria de la I legislatura del Senado
Resto del título : (1979-1982).
260 ## - PUBLICACIÓN, DISTRIBUCIÓN, ETC.
Lugar de publicación, distribución, etc. Madrid :
Nombre del editor, distribuidor, etc. Secretaría General del Senado,
Fecha de publicación, distribución, etc. [1984]
300 ## - DESCRIPCIÓN FÍSICA
Extensión 487 p. ;
Dimensiones 27 cm.
610 14 - PUNTO DE ACCESO ADICIONAL DE MATERIA--NOMBRE DE ENTIDAD CORPORATIVA
Nombre de entidad corporativa o nombre de jurisdicción como elemento de entrada España.
Unidad subordinada Cortes Generales.
-- Senado-
Subdivisión de forma Memorias.
9 (RLIN) 159388
852 ## - LOCALIZACIÓN
Ubicación ES-MaACL
Número de control de estantería L-5556
Holdings
Estatus retirado Estado de pérdida Estado de daño No para préstamo Biblioteca de origen Biblioteca actual Ubicación en estantería Fecha de adquisición Fuente de adquisición Total de préstamos Signatura topográfica completa Código de barras Visto por última vez Precio de reemplazo Tipo de ítem Koha
        Biblioteca del Ateneo de Madrid Biblioteca del Ateneo de Madrid Depósito 2 17/01/2008     L-5556 1051885 23/02/2023 23/02/2023 Libro impreso